Statistics for Harry Potter Characters Mentioned in Chapter Titles

Click here to take the quiz!

General Stats

  • This quiz has been taken 85 times
  • The average score is 15 of 34

Answer Stats

AmountCharacterMentioned in% Correct
3Albus DumbledoreOoTP;DH
93%
7Severus SnapePoA;OotP;HBP;DH
91%
3Sirius BlackPoA;GoF;OotP
87%
3VoldemortPoA;HBP;DH
85%
2Hermione GrangerPoA:HBP
82%
1Draco MalfoyHBP
76%
1Remus LupinPoA
76%
1James PotterPoA
75%
1Rubeus HagridOotP
71%
1Peter PettigrewPoA
62%
2DobbyCoS
60%
2Dolores UmbridgeOotP
58%
1Alastor MoodyGoF
53%
1Dudley DursleyOotP
47%
1Cornelius FudgeCoS
44%
1Gilderoy LockhartCoS
42%
1Molly WeasleyOotP
40%
2Barty CrouchGoF
38%
1Luna LovegoodOotP
36%
1AragogCoS
29%
2Horace SlughornHBP
29%
1Percy WeasleyOotP
29%
1Sybill TrelawneyPoA
27%
1Ludo BagmanGoF
24%
1Rita SkeeterGoF
24%
1KreacherDH
22%
1Nicolas FlamelPS
22%
1Majorie DursleyPoA
20%
1Xenophilius LovegoodDH
20%
1NorbertPS
15%
1Bathilda BagshotDH
13%
1GrawpOotP
11%
1Fat LadyPoA
9%
2Sorting HatPS
9%

Score Distribution

Percentile by Number Answered

Percent of People with Each Score

Your Score History

You have not taken this quiz